000 00710nam a2200217Ii 4500
003 JO-AjNU
008 230605s9999||||xx |||||||||||||| ||und||
017 _a1984/1323
040 _aJO-AjNU
_bara
_erda
_cJO-AjNU
041 _aara
050 1 4 _aBF173.D3477.1984
100 3 _aدالبييز،رولان ، الجمالي،حافظ/ترجمة,
_eauthor
_97402
245 0 0 _aطريقة التحليل النفسي والعقيدة الفرويدية
250 _aط2
264 3 1 _aبغداد:المكتبة العالمية ،1984
300 _a419ص
336 _atext
_btxt
_2rdacontent
337 _aunmediated
_bn
_2rdamedia
338 _avolume
_bnc
_2rdacarrier
650 4 _aتحليل نفسي
_97403
999 _aA261
_c3829
_d3829